000 03673nam a2200313 i 4500
001 Rebiun35535758
007 ta
008 240125s2024 sp a r 001 0 spa
017 _aB 17600-2024,
_bBiblioteca de Catalunya
020 _a9788433921949
040 _aUGR
_erda
_ctbs
041 1 _aSpanish
_hEnglish
100 _aEagleman, David
_eauthor
_911157
240 1 0 _aLivewired.
_lSpanish
245 1 4 _aUna red viva
_b: la historia interna de nuestro cerebro en cambio permanente
_c/ David Eagleman; traducción de Damiá Alou
250 _aFirst edition
264 1 _aBarcelona :
_bEditorial Anagrama,
_c2024
264 1 _a2024
300 _a414 pages:
_billustrations ;
_c22 cm
490 _aArgumentos ;
_v600
500 _aIncludes bibliographical references (pages 309–369) and suggested further reading (pages 371–389).
520 2 _aUn fascinante viaje a la infinita capacidad de aprendizaje, remodelación y autorregeneración del cerebro. El cerebro y sus misterios, el cerebro y sus maravillas. David Eagleman, prestigioso neurocientífico y profesor de la Universidad de Stanford, nos ofrece en este libro una nueva exploración sobre este órgano: un recorrido fascinante en torno a la plasticidad del cerebro, capaz de mudar para adaptarse a condiciones cambiantes. Expone, por ejemplo, el caso de un niño al que deben extirparle la mitad del cerebro y se comprueba cómo la mitad restante se reconfigura para amoldarse a la nueva situación. O el caso del cerebro de las personas ciegas, que se adecua a esta limitación y potencia los otros sentidos. O el de las personas con una prótesis a cuya presencia se acomoda el cerebro. La actividad cerebral se reacondiciona de forma permanente para afrontar nuevas circunstancias y nuevos aprendizajes. Con la ya contrastada capacidad del autor para explicar de manera clara y apasionante el complejo mapa cerebral, este libro presenta casos históricos (como el del miembro fantasma del almirante Nelson) y contemporáneos, y explica experimentos punteros que nos hablan de los últimos avances en la ciencia del cerebro. Incluso se adentra en el futuro, con los sorprendentes progresos en las conexiones entre cerebro y robótica.
520 2 _aA fascinating journey into the brain’s remarkable capacity for learning, adaptation, and self-renewal. The brain and its mysteries, the brain and its wonders. In this compelling book, renowned neuroscientist and Stanford University professor David Eagleman offers a fresh exploration of the brain: a captivating journey through its astonishing plasticity—the ability to reshape itself in response to changing conditions. He presents cases such as that of a child who undergoes the removal of half his brain, only for the remaining half to reorganise and take over the lost functions. Or the case of blind individuals whose brains adapt by enhancing other senses. Or those with prosthetic limbs, whose brains adjust to incorporate these artificial extensions. The brain, Eagleman explains, continuously reconditions itself to meet new challenges and learn anew. With his well-known gift for making complex science clear and enthralling, Eagleman draws on both historical examples—such as Admiral Nelson’s phantom limb—and cutting-edge research, revealing the latest breakthroughs in neuroscience. He even looks ahead to the future, where surprising advances in brain–machine interfaces promise to transform our understanding of what the brain can do.
650 0 _aBrain
_99635
650 0 _aNeurobiology
_925542
650 0 _aNeurosciences
_911153
700 _aAlou, Damián
_etranslator
_925543
942 _2lcc
999 _c4780
_d4780